[Event "come and have another go..."]
[Site "SchemingMind.com"]
[Date "2021.07.16"]
[Round "-"]
[White "Giraldo Menendez Rodriguez"]
[Black "William Lindberg"]
[Result "1-0"]
[WhiteCountry "CUB"]
[BlackCountry "USA"]
[WhiteElo "2591"]
[WhiteRD "66"]
[BlackElo "2429"]
[BlackRD "65"]
[GameID "713486"]

1. Nf3 e6 2. c4 Nf6 3. Nc3 c5 4. g3 Nc6 5. Bg2 Qb6 6. O-O Be7 7. b3 d5 8. cxd5 Nxd5 9. Nxd5 exd5 10. d4 cxd4
11. Bb2 Bf6 12. Ba3 Be6 13. Rc1 Nb4 14. Bxb4 Qxb4 15. Qd3 O-O 16. Rcd1 Rad8 17. Nxd4 Rfe8 18. e3 a6 19. Nxe6 fxe6 20. h4 Re7
21. Qe2 Qb5 22. Qg4 Qe8 23. h5 Kh8 24. Bf3 Qf8 25. Kg2 h6 26. Rd2 Rc8 27. Be2 Rc6 28. Bd3 Bc3 29. Rc2 e5 30. Bg6 Qg8
31. Rd1 b5 32. Qf3 Rd7 33. a3 Rcc7 34. Qg4 Rd8 35. Rd3 d4 36. exd4 exd4 37. Re2 b4 38. a4 Qxb3 39. Re6 Qd5+ 40. Rf3 Rc6
41. Rxc6 Qxc6 42. Bd3 Qe8 43. Qf5 Qg8 44. Bxa6 b3 45. Bd3 b2 46. Qg6 Rb8 47. Bb1 Rd8 48. Qd3 Ra8 49. Rf5 Ba5 50. Qxd4 Bd8
51. Qd3 Bb6 52. Rb5 Rd8 53. Qg6 Bd4 54. a5 Rf8 55. f3 Re8 56. a6 Re2+ 57. Kh3 Re8 58. Ba2 b1=Q 59. Rxb1 Qf8 60. Rb7 Ra8
61. Bb1 Qg8 62. Be4 Rf8 63. a7 Bxa7 64. Bd5 Qh7 65. Rxa7 Rc8 66. Re7 Qxg6 67. hxg6 Rf8 68. f4 Rd8 69. f5 Rb8 70. f6
1-0

[Event "come and have another go..."]
[Site "SchemingMind.com"]
[Date "2021.07.21"]
[Round "-"]
[White "William Lindberg"]
[Black "Matthew Bailey"]
[Result "1/2-1/2"]
[WhiteCountry "USA"]
[BlackCountry "ENG"]
[WhiteElo "2429"]
[WhiteRD "65"]
[BlackElo "2583"]
[BlackRD "68"]
[GameID "713487"]

1. c4 e5 2. Nc3 Nf6 3. Nf3 Nc6 4. g3 d5 5. cxd5 Nxd5 6. Bg2 Bc5 7. d3 O-O 8. O-O h6 9. Nxd5 Qxd5 10. Bd2 Rd8
11. Qc2 Qd6 12. a3 a5 13. Rac1 Bb6 14. Be3 Ra6 15. Nd2 Nd4 16. Bxd4 Qxd4 17. Nc4 c6 18. b4 axb4 19. axb4 Bc7 20. Rb1 Bd7
21. Nd2 Qa7 22. b5 Ra2 23. Qc1 Bg4 24. bxc6 bxc6 25. Bf3 Bxf3 26. exf3 Rxd3 27. Ne4 Qa8 28. Kg2 Raa3 29. Rd1 Rxf3 30. Rd7 c5
31. Qc4 Ra4 32. Ra1 Rxa1 33. Kxf3 Kh7 34. Qxf7 Ra3+ 35. Kg4 Qxe4+ 36. f4 Qg6+ 37. Qxg6+ Kxg6 38. Rxc7 exf4 39. Rc6+ Kh7 40. gxf4 Ra2
41. h4 Rg2+ 42. Kf3 Rc2=
1/2-1/2

[Event "come and have another go..."]
[Site "SchemingMind.com"]
[Date "2021.07.21"]
[Round "-"]
[White "Matthew Bailey"]
[Black "William Lindberg"]
[Result "1-0"]
[WhiteCountry "ENG"]
[BlackCountry "USA"]
[WhiteElo "2583"]
[WhiteRD "68"]
[BlackElo "2429"]
[BlackRD "65"]
[GameID "713488"]

1. Nf3 d5 2. g3 c6 3. Bg2 Nf6 4. c4 dxc4 5. O-O e6 6. a4 Qc7 7. Na3 Bxa3 8. Rxa3 O-O 9. b3 cxb3 10. Bb2 Nd5
11. Qb1 a5 12. Ng5 g6 13. Rxb3 f6 14. Ne4 Na6 15. d4 b6 16. Rc1 Rb8 17. Ba3 Ndb4 18. g4 Qe7 19. h4 Bb7 20. g5 fxg5
21. hxg5 c5 22. Bb2 Bxe4 23. Qxe4 Rf5 24. f4 Rd8 25. Bh3 Rxd4 26. Bxd4 Qd6 27. Bxf5 gxf5 28. Be5 Qd5 29. Qxd5 Nxd5 30. Kf2 Nab4
31. Rh3 Nc6 32. Rch1 Nxe5 33. fxe5 Nf4 34. Rxh7 Ng6 35. Rb7 Nxe5 36. Rd1 Nf7 37. g6 Kg7 38. gxf7 Kf6 39. f8=Q+
1-0

[Event "come and have another go..."]
[Site "SchemingMind.com"]
[Date "2021.07.16"]
[Round "-"]
[White "William Lindberg"]
[Black "Rubén Pulido "]
[Result "1-0"]
[WhiteCountry "USA"]
[BlackCountry "CUB"]
[WhiteElo "2429"]
[WhiteRD "65"]
[BlackElo "2508"]
[BlackRD "74"]
[GameID "713489"]

1. e4 c5 2. Nc3 Nc6 3. Nf3 e6 4. d4 cxd4 5. Nxd4 Qc7 6. Be3 a6 7. a3 b5 8. Nxc6 Qxc6 9. Be2 Bb7 10. O-O Rc8
11. Qd2 Nf6 12. Rfd1 b4 13. axb4 Bxb4 14. f3 d5 15. e5 Nd7 16. Bd4 Bc5 17. f4 O-O 18. Bxc5 Nxc5 19. Qd4 Qb6 20. Rdb1 f6
21. exf6 gxf6 22. b4 Nd7 23. Qxb6 Nxb6 24. Bxa6 Rxc3 25. Bxb7 Rxc2 26. Ra6
1-0

[Event "come and have another go..."]
[Site "SchemingMind.com"]
[Date "2021.07.16"]
[Round "-"]
[White "Rubén Pulido "]
[Black "William Lindberg"]
[Result "1/2-1/2"]
[WhiteCountry "CUB"]
[BlackCountry "USA"]
[WhiteElo "2508"]
[WhiteRD "74"]
[BlackElo "2429"]
[BlackRD "65"]
[GameID "713490"]

1. Nf3 d5 2. d4 Bf5 3. c4 e6 4. Nc3 c6 5. Qb3 Qb6 6. c5 Qxb3 7. axb3 Nd7 8. b4 a6 9. b5 cxb5 10. Nxb5 Rc8
11. Nc3 Ne7 12. Bf4 Nc6 13. e3 e5 14. Bg3 Be6 15. Ra4 g6 16. Be2 exd4 17. exd4 Bg7 18. O-O O-O 19. Bf4 h6 20. h4 Bf5
21. Nxd5 Be4 22. Nc3 Bxf3 23. Bxf3 Nxd4 24. Bxb7 Nxc5 25. Bxc8 Nxa4 26. Bxa6 Nxb2 27. Rb1 Ra8 28. Bf1=
1/2-1/2

[Event "come and have another go..."]
[Site "SchemingMind.com"]
[Date "2021.07.24"]
[Round "-"]
[White "Professor"]
[Black "The Chess Machine"]
[Result "1/2-1/2"]
[WhiteCountry "USA"]
[BlackCountry "ENG"]
[WhiteElo "2535"]
[WhiteRD "89"]
[BlackElo "2544"]
[BlackRD "84"]
[GameID "713691"]

1. e4 c5 2. b3 Nc6 3. Bb2 e5 4. Bc4 Nf6 5. Nc3 d6 6. Nge2 a6 7. a4 g6 8. O-O Bg7 9. d3 O-O 10. Nd5 Nxd5
11. Bxd5 Ne7 12. c4 Nxd5 13. exd5 g5 14. Qd2 a5 15. Rae1 f5 16. f3 b6 17. g3 f4 18. g4 Ra7 19. Kf2 Bf6 20. h3=
1/2-1/2

[Event "come and have another go..."]
[Site "SchemingMind.com"]
[Date "2021.07.24"]
[Round "-"]
[White "Professor"]
[Black "Robert Bruce"]
[Result "1/2-1/2"]
[WhiteCountry "USA"]
[BlackCountry "SCO"]
[WhiteElo "2535"]
[WhiteRD "89"]
[BlackElo "2473"]
[BlackRD "65"]
[GameID "713692"]

1. e4 c5 2. b3 g6 3. Bb2 Nf6 4. Nc3 Bg7 5. Nd5 O-O 6. Nxf6+ exf6 7. Bc4 Re8 8. Bd5 Nc6 9. Ne2 Ne7 10. O-O Nxd5
11. exd5 b5 12. c4 d6 13. Re1 Bd7 14. d3 a5 15. h3 h5 16. Qd2 a4 17. Rab1 Qa5 18. Bc3 b4 19. Ba1 axb3 20. axb3 Qa2
21. Rb2 Qa3 22. Rbb1 Qa2 23. Rb2=
1/2-1/2

[Event "come and have another go..."]
[Site "SchemingMind.com"]
[Date "2021.07.24"]
[Round "-"]
[White "Professor"]
[Black "Rubén Pulido "]
[Result "1/2-1/2"]
[WhiteCountry "USA"]
[BlackCountry "CUB"]
[WhiteElo "2535"]
[WhiteRD "89"]
[BlackElo "2464"]
[BlackRD "67"]
[GameID "713700"]

1. e4 e5 2. Nf3 Nc6 3. Bb5 Nf6 4. d3 Bc5 5. c3 O-O 6. O-O d6 7. h3 a6 8. Ba4 h6 9. Re1 b5 10. Bb3 Bb6
11. Nbd2 Na5=
1/2-1/2

[Event "come and have another go..."]
[Site "SchemingMind.com"]
[Date "2021.07.24"]
[Round "-"]
[White "Rubén Pulido "]
[Black "Professor"]
[Result "1/2-1/2"]
[WhiteCountry "CUB"]
[BlackCountry "USA"]
[WhiteElo "2464"]
[WhiteRD "67"]
[BlackElo "2535"]
[BlackRD "89"]
[GameID "713701"]

1. Nf3 Nf6 2. c4 e6 3. d4 Bb4+ 4. Nbd2 d6 5. g3 Nc6 6. Bg2 a5 7. a3 Bxd2+ 8. Bxd2 e5 9. d5 Ne7 10. O-O O-O
11. b4 axb4 12. Bxb4=
1/2-1/2